[Event "Staatsliga-B-Mitte 2002/2003"]
[Site "ST. Veit"]
[Date "2003.01.18"]
[Round "6.2"]
[White "BUTUNOI, Alexandru"]
[Black "HERRMANN, Johann"]
[Result "1-0"]
[WhiteElo "2404"]
[BlackElo "2182"]
[PlyCount "37"]
[EventDate "2003.01.18"]

1. e4 e6 2. d4 d6 3. f4 Nd7 4. Nf3 b6 5. Bd3 Bb7 6. O-O Ne7 7. Nc3 c6 8. f5 e5
9. Bg5 h6 10. Bh4 Qc7 11. Bc4 Ng8 12. Bxf7+ Kxf7 13. Nxe5+ Nxe5 14. Qh5+ g6 15.
fxg6+ Kg7 16. dxe5 Ne7 17. Rf7+ Kg8 18. Raf1 Ba6 19. Qf3 1-0

[Event "Staatsliga-B-Mitte 2002/2003"]
[Site "ST. Veit"]
[Date "2003.01.18"]
[Round "6.3"]
[White "DEUTSCHMANN, Robert Peter"]
[Black "SUPANCIC, Darko"]
[Result "0-1"]
[WhiteElo "2014"]
[BlackElo "2381"]
[PlyCount "74"]
[EventDate "2003.01.18"]

1. d4 g6 2. c4 Bg7 3. e4 c5 4. d5 d6 5. f4 Nf6 6. Nc3 O-O 7. Nf3 Bg4 8. Be2
Bxf3 9. Bxf3 Nfd7 10. Qd3 Na6 11. a3 Nc7 12. O-O a6 13. Rb1 b5 14. b3 Rb8 15.
Bd2 b4 16. axb4 cxb4 17. Na4 a5 18. Bg4 Nb6 19. Nxb6 Rxb6 20. Be3 Rb7 21. c5
dxc5 22. Bxc5 Nb5 23. Rbc1 Nc3 24. d6 exd6 25. Qa6 Rb8 26. Ba7 Ra8 27. Qb7 Qh4
28. h3 h5 29. Bf2 Qf6 30. Bd7 Ne2+ 31. Kh1 Nxc1 32. Rxc1 Qxf4 33. Rc2 Be5 34.
Bg1 Rab8 35. Qd5 Qf6 36. Qxa5 Bd4 37. e5 Qf1 0-1

[Event "Staatsliga-B-Mitte 2002/2003"]
[Site "ST. Veit"]
[Date "2003.01.18"]
[Round "6.4"]
[White "KREBS, Johann"]
[Black "RANEGGER, Martin"]
[Result "1-0"]
[WhiteElo "2280"]
[BlackElo "2119"]
[PlyCount "87"]
[EventDate "2003.01.18"]

1. d4 Nf6 2. c4 c5 3. d5 b5 4. Nf3 bxc4 5. Nc3 g6 6. e4 d6 7. Nd2 Bg7 8. Bxc4
O-O 9. O-O Nbd7 10. Be2 Nb6 11. a4 Rb8 12. a5 Na8 13. Nb5 Qd7 14. Na3 Nc7 15.
Re1 Ba6 16. Bxa6 Nxa6 17. Ndc4 Qb7 18. Bd2 Nc7 19. Bc3 Nb5 20. Nxb5 Qxb5 21.
Qd3 Rfd8 22. Rad1 Ne8 23. Bxg7 Nxg7 24. g4 Qb3 25. Re3 Qxd3 26. Rdxd3 Rb4 27.
b3 Rb7 28. e5 h5 29. h3 hxg4 30. hxg4 Ne8 31. a6 Rc7 32. Na5 dxe5 33. Nc6 Rd6
34. Nxe5 Rxa6 35. Nc6 Kf8 36. Rh3 Kg7 37. g5 Nd6 38. Rh2 Nf5 39. Rdh3 Ra1+ 40.
Kg2 f6 41. Rh7+ Kf8 42. Rh8+ Kf7 43. R2h7+ Ng7 44. Nd8# 1-0

[Event "Staatsliga-B-Mitte 2002/2003"]
[Site "ST. Veit"]
[Date "2003.01.18"]
[Round "6.5"]
[White "KRATSCHMER, Heinz"]
[Black "PESORDA, Ivan"]
[Result "1/2-1/2"]
[WhiteElo "2096"]
[BlackElo "2255"]
[PlyCount "49"]
[EventDate "2003.01.18"]

1. d4 Nf6 2. Nf3 c5 3. e3 d5 4. c3 e6 5. Nbd2 Nbd7 6. Bd3 Bd6 7. O-O O-O 8. e4
cxd4 9. cxd4 dxe4 10. Nxe4 Nxe4 11. Bxe4 Nf6 12. Bc2 Nd5 13. Qd3 g6 14. a3 Bf4
15. Rd1 Bxc1 16. Raxc1 b6 17. Ne5 Qg5 18. Qd2 Qxd2 19. Rxd2 f6 20. Ng4 Bb7 21.
Bb3 Nf4 22. Rc7 Bxg2 23. Nh6+ Kh8 24. Nf7+ Kg8 25. Nh6+ 1/2-1/2

[Event "Staatsliga-B-Mitte 2002/2003"]
[Site "ST. Veit"]
[Date "2003.01.19"]
[Round "7.1"]
[White "MANCA, Federico"]
[Black "HABA, Petr"]
[Result "1/2-1/2"]
[WhiteElo "2349"]
[BlackElo "2534"]
[PlyCount "68"]
[EventDate "2003.01.19"]

1. e4 e6 2. d4 d5 3. Nc3 Bb4 4. e5 c5 5. a3 Bxc3+ 6. bxc3 Qc7 7. Nf3 b6 8. Bb5+
Bd7 9. Bd3 Ba4 10. O-O Ne7 11. Re1 Nd7 12. Bf4 h6 13. h4 O-O-O 14. Qb1 Kb7 15.
Qb2 Rdg8 16. g3 Ng6 17. Bd2 c4 18. Bf1 Ndf8 19. Bg2 Ne7 20. Nh2 a5 21. Nf1 Nf5
22. Ne3 Nxe3 23. Rxe3 Qe7 24. Rf3 Nd7 25. Rb1 Ka6 26. h5 g6 27. Rf4 g5 28. Rf3
Rf8 29. Rf6 Qd8 30. Rf3 f5 31. exf6 Nxf6 32. Re3 Qd6 33. Bf3 Rf7 34. Re5 Bd7
1/2-1/2

[Event "Staatsliga-B-Mitte 2002/2003"]
[Site "ST. Veit"]
[Date "2003.01.19"]
[Round "7.2"]
[White "JANZ, Frerik"]
[Black "SCHEIN, Karl-Heinz"]
[Result "1/2-1/2"]
[WhiteElo "2366"]
[BlackElo "2232"]
[PlyCount "86"]
[EventDate "2003.01.19"]

1. c4 g6 2. Nc3 Bg7 3. g3 e5 4. Bg2 Ne7 5. e3 Nbc6 6. Rb1 f5 7. d3 d6 8. Nge2
Be6 9. Nd5 Qd7 10. b4 Nd8 11. b5 c6 12. bxc6 bxc6 13. Nxe7 Qxe7 14. Qa4 O-O 15.
O-O Rc8 16. Ba3 g5 17. f4 Bf7 18. Qc2 Bh5 19. Rbe1 exf4 20. exf4 Re8 21. Kh1
Nf7 22. Ng1 Qxe1 23. Rxe1 Rxe1 24. Bb2 Bxb2 25. Qxb2 Rd1 26. h3 Re8 27. Kh2
Ree1 28. Nf3 Bxf3 29. Bxf3 Rxd3 30. Bxc6 Red1 31. Bg2 R1d2 32. Qb8+ Kg7 33.
Qxa7 Rc3 34. a4 Rcc2 35. Qg1 Rxg2+ 36. Qxg2 Rxg2+ 37. Kxg2 gxf4 38. gxf4 Nd8
39. a5 Nc6 40. a6 Kg6 41. Kg3 Na7 42. Kh4 Nc8 43. Kg3 Na7 1/2-1/2

[Event "Staatsliga-B-Mitte 2002/2003"]
[Site "ST. Veit"]
[Date "2003.01.19"]
[Round "7.3"]
[White "BENDA, Herbert"]
[Black "MENACHER, Manfred"]
[Result "0-1"]
[WhiteElo "2251"]
[BlackElo "2354"]
[PlyCount "136"]
[EventDate "2003.01.19"]

1. e4 c5 2. Nf3 Nc6 3. d4 cxd4 4. Nxd4 Nf6 5. Nc3 e5 6. Ndb5 d6 7. a4 a6 8. Na3
Be6 9. Bg5 Qb6 10. Bxf6 Qxb2 11. Bg5 Qxc3+ 12. Bd2 Qd4 13. Bd3 Nb4 14. Be2 Qxe4
15. O-O Nc6 16. Re1 Qh4 17. Bf3 Qd8 18. Qb1 Rb8 19. Be3 Be7 20. Bb6 Qd7 21. c4
O-O 22. Qd3 f5 23. Bd5 Kh8 24. Nc2 Rbe8 25. Rab1 Bd8 26. Bxd8 Nxd8 27. Rb6 Bxd5
28. cxd5 f4 29. f3 Rf6 30. Qb3 Qc7 31. Re4 Qc5+ 32. Kf1 Rg6 33. Ne1 Qc7 34. Rc4
Qe7 35. Qc2 Qf7 36. Qe4 Rf6 37. Rc8 Qd7 38. Qc4 Rf7 39. Rb2 h6 40. Rc2 Rfe7 41.
Qb4 Nf7 42. R2c7 Qxc8 43. Rxc8 Rxc8 44. Nd3 Rec7 45. g3 fxg3 46. hxg3 Kg8 47.
a5 Rd7 48. Qg4 Rcc7 49. Qa4 Re7 50. Kf2 Ng5 51. f4 exf4 52. gxf4 Ne4+ 53. Kf3
Nc5 54. Nxc5 Rxc5 55. Qb4 Rf7 56. Ke4 Rf6 57. Ke3 Rb5 58. Qc4 h5 59. Qc8+ Kh7
60. Qc2+ Kh6 61. Qe4 Rxa5 62. Qe8 Rxd5 63. Qh8+ Kg6 64. Qe8+ Kh7 65. Qe4+ Rff5
66. Kf3 a5 67. Qa4 b5 68. Qxa5 Rd4 0-1

[Event "Staatsliga-B-Mitte 2002/2003"]
[Site "ST. Veit"]
[Date "2003.01.19"]
[Round "7.4"]
[White "KRANZL, Peter"]
[Black "SANDNER, Wolfgang"]
[Result "1/2-1/2"]
[WhiteElo "2247"]
[BlackElo "2220"]
[PlyCount "23"]
[EventDate "2003.01.19"]

1. e4 c5 2. c3 d6 3. d4 Nd7 4. f4 e6 5. Nf3 Ngf6 6. Bd3 Be7 7. O-O b6 8. e5 Nd5
9. Qe2 Qc7 10. a3 cxd4 11. c4 Ne3 12. Bxe3 1/2-1/2

[Event "Staatsliga-B-Mitte 2002/2003"]
[Site "ST. Veit"]
[Date "2003.01.19"]
[Round "7.5"]
[White "WURM, Christoph"]
[Black "HAGER, Herbert"]
[Result "1/2-1/2"]
[WhiteElo "2155"]
[BlackElo "2142"]
[PlyCount "145"]
[EventDate "2003.01.19"]

1. e4 c5 2. Nf3 d6 3. d4 cxd4 4. Nxd4 Nf6 5. Nc3 a6 6. a4 e6 7. Be2 Nc6 8. O-O
Be7 9. Be3 O-O 10. f4 Qc7 11. Kh1 Bd7 12. Nb3 b6 13. Qd2 Rfd8 14. Bd3 Rab8 15.
Qf2 Bc8 16. Rfd1 Nd7 17. h3 Bb7 18. Nd2 Ba8 19. Be2 Bf6 20. Ra3 Nb4 21. Rc1 Nc5
22. Bd4 e5 23. fxe5 dxe5 24. Bxc5 Qxc5 25. Qxc5 bxc5 26. Nf3 h6 27. Bc4 Kf8 28.
Kg1 Bg5 29. Nxg5 hxg5 30. Rb3 Rd4 31. Bd5 c4 32. Rxb4 Rxb4 33. Bxa8 Rxb2 34.
Bd5 Rd2 35. Kf1 g6 36. Nd1 Rbxc2 37. Rxc2 Rxc2 38. Ne3 Ra2 39. Nxc4 f6 40. a5
Rc2 41. Ne3 Rc1+ 42. Ke2 Ke7 43. Nc4 Kd7 44. Kf3 Kc7 45. Ne3 Ra1 46. Ng4 Rxa5
47. Nxf6 Ra1 48. Ng4 Kd6 49. Ne3 Kc5 50. Kg4 Re1 51. Nc4 Rg1 52. g3 Kd4 53. h4
gxh4 54. Kxh4 Rc1 55. Na5 Ke3 56. Kg5 Rg1 57. Kxg6 Rxg3+ 58. Kf5 Kd4 59. Nc6+
Kc5 60. Nxe5 a5 61. Nd7+ Kd6 62. Nf6 Rf3+ 63. Kg5 a4 64. Ng4 a3 65. Ba2 Ke7 66.
e5 Rd3 67. Nh6 Rg3+ 68. Kf4 Rg2 69. Nf5+ Ke8 70. Nd6+ Kd7 71. Bc4 a2 72. Bxa2
Rxa2 73. Ne4 1/2-1/2

[Event "Staatsliga-B-Mitte 2002/2003"]
[Site "ST. Veit"]
[Date "2003.01.19"]
[Round "7.6"]
[White "HOEBARTH, Guenter"]
[Black "KREISL, Robert"]
[Result "0-1"]
[WhiteElo "2146"]
[BlackElo "2121"]
[PlyCount "105"]
[EventDate "2003.01.19"]

1. e4 c5 2. g3 Nc6 3. Bg2 g6 4. Ne2 Bg7 5. c3 e5 6. d3 Nge7 7. O-O O-O 8. Be3
d6 9. Nd2 f5 10. f4 Be6 11. Nf3 Kh8 12. fxe5 Nxe5 13. Nxe5 Bxe5 14. d4 cxd4 15.
Bxd4 Nc6 16. exf5 Bxf5 17. Bxe5+ dxe5 18. Qxd8 Rfxd8 19. Rad1 Bg4 20. Kf2 Ne7
21. Be4 Rf8+ 22. Ke3 Nf5+ 23. Bxf5 gxf5 24. Rd5 Rae8 25. Kd2 Rd8 26. c4 b5 27.
b3 Rxd5+ 28. cxd5 Rd8 29. Ke3 Rxd5 30. Rc1 a6 31. Rc6 Rd1 32. Nc3 Rd4 33. Rxa6
b4 34. Nb5 Re4+ 35. Kd2 Re2+ 36. Kd3 Rxh2 37. Ra8+ Kg7 38. Nd6 e4+ 39. Ke3 Kf6
40. Ra6 Ke7 41. Kf4 Rf2+ 42. Ke5 e3 43. Ra7+ Kd8 44. Nf7+ Kc8 45. Nd6+ Kb8 46.
Rb7+ Ka8 47. Rxb4 e2 48. Ra4+ Kb8 49. Rb4+ Kc7 50. Ne8+ Kc8 51. Rc4+ Kd8 52.
Nc7 e1=Q+ 53. Kd6 0-1

[Event "Staatsliga-B-Mitte 2002/2003"]
[Site "ST. Veit"]
[Date "2003.01.19"]
[Round "7.1"]
[White "GABRIEL, Christian"]
[Black "FTACNIK, Lubomir"]
[Result "1/2-1/2"]
[WhiteElo "2562"]
[BlackElo "2603"]
[PlyCount "43"]
[EventDate "2003.01.19"]

1. d4 Nf6 2. c4 g6 3. Nc3 d5 4. e3 Bg7 5. Qb3 e6 6. Qa3 Nc6 7. Nf3 Ne7 8. Be2
O-O 9. O-O b6 10. cxd5 Nexd5 11. Nxd5 Qxd5 12. Nd2 Qd6 13. b3 Bb7 14. Qxd6 cxd6
15. Ba3 Rfd8 16. Rfc1 Bf8 17. Rc7 Rab8 18. Bb5 Nd5 19. Rc2 Rbc8 20. Rac1 Rxc2
21. Rxc2 a6 22. Be2 1/2-1/2

[Event "Staatsliga-B-Mitte 2002/2003"]
[Site "ST. Veit"]
[Date "2003.01.19"]
[Round "7.2"]
[White "GYIMESI, Zoltan"]
[Black "ZAJA, Ivan"]
[Result "1-0"]
[WhiteElo "2596"]
[BlackElo "2433"]
[PlyCount "77"]
[EventDate "2003.01.19"]

1. d4 d5 2. c4 c6 3. Nf3 Nf6 4. Nc3 a6 5. c5 Bg4 6. Ne5 Bh5 7. Qb3 Ra7 8. Bf4
Nbd7 9. Nd3 h6 10. h3 g5 11. Bh2 Bg7 12. O-O-O O-O 13. g4 Bg6 14. e3 Ne4 15.
Na4 Nef6 16. f3 Ne8 17. h4 f6 18. hxg5 fxg5 19. Be2 e6 20. Ne5 Nxe5 21. Bxe5
Nf6 22. Bd3 Qe8 23. Nb6 Kh7 24. Rh3 Bxd3 25. Qxd3+ Qg6 26. Qe2 a5 27. a4 Rf7
28. Rdh1 Ng8 29. Qh2 Ra6 30. Kd2 Bf8 31. Bd6 Bg7 32. Be5 Bf8 33. Qe2 Be7 34.
Rh5 Bd8 35. Nc8 Ra8 36. Nd6 Rd7 37. f4 Bf6 38. Bxf6 Nxf6 39. Rxg5 1-0

[Event "Staatsliga-B-Mitte 2002/2003"]
[Site "ST. Veit"]
[Date "2003.01.19"]
[Round "7.3"]
[White "BUKAL, Vladimir Jun"]
[Black "FARAGO, Ivan"]
[Result "0-1"]
[WhiteElo "2409"]
[BlackElo "2474"]
[PlyCount "86"]
[EventDate "2003.01.19"]

1. d4 e6 2. Nf3 c5 3. e3 Nf6 4. Bd3 b6 5. O-O Bb7 6. c4 Be7 7. Nc3 cxd4 8. exd4
d6 9. d5 e5 10. Ne1 Nbd7 11. f4 exf4 12. Bxf4 O-O 13. Bc2 Ne5 14. b3 Nfd7 15.
Qd2 Re8 16. Rd1 Bf8 17. Ne4 b5 18. Nf3 bxc4 19. Kh1 cxb3 20. axb3 Ba6 21. Neg5
Nf6 22. Rfe1 Nxf3 23. Nxf3 Qb6 24. Be3 Qb7 25. Bg5 Nd7 26. Ra1 Bb5 27. h3 a6
28. Rad1 Rac8 29. Bb1 g6 30. Bf4 Nf6 31. Qd4 Nh5 32. Bh2 Be2 33. Rc1 Bxf3 34.
gxf3 Qxb3 35. Be4 Rxc1 36. Rxc1 Bg7 37. Qd3 Qb2 38. Qc2 Qxc2 39. Rxc2 Be5 40.
Bd3 Bxh2 41. Kxh2 Re3 42. Bxa6 Rxf3 43. Rc6 Rf6 0-1

[Event "Staatsliga-B-Mitte 2002/2003"]
[Site "ST. Veit"]
[Date "2003.01.19"]
[Round "7.4"]
[White "STANEC, Nikolaus"]
[Black "ASCHENBRENNER, Robert"]
[Result "1-0"]
[WhiteElo "2523"]
[BlackElo "2230"]
[PlyCount "79"]
[EventDate "2003.01.19"]

1. c4 b6 2. d4 Bb7 3. Nc3 e6 4. a3 f5 5. Nf3 Nf6 6. g3 Ne4 7. Qc2 Be7 8. Bg2
Nxc3 9. Qxc3 Bf6 10. O-O O-O 11. Qd2 a5 12. b3 Qe7 13. Bb2 d6 14. Rfd1 Nd7 15.
Ne1 Bxg2 16. Nxg2 g5 17. Re1 Qg7 18. Rad1 Rad8 19. Kh1 Nc5 20. Qc2 Ne4 21. Rf1
Qh6 22. Kg1 Bg7 23. f3 Nxg3 24. hxg3 Qh3 25. Kf2 f4 26. gxf4 gxf4 27. Rh1 Qg3+
28. Kg1 Rf5 29. Bc3 Bf6 30. d5 Rd7 31. Bxf6 Rxf6 32. Rf1 Rg7 33. Rf2 e5 34. Kf1
Qg5 35. Nh4 Rh6 36. Rfh2 Qg3 37. Qf5 Rg5 38. Qc8+ Kf7 39. Rh3 Rxh4 40. Rxh4 1-0

[Event "Staatsliga-B-Mitte 2002/2003"]
[Site "ST. Veit"]
[Date "2003.01.19"]
[Round "7.5"]
[White "MITTER, Gerd"]
[Black "WEISS, Christian"]
[Result "1-0"]
[WhiteElo "2187"]
[BlackElo "2422"]
[PlyCount "111"]
[EventDate "2003.01.19"]

1. c4 Nf6 2. Nc3 g6 3. g3 Bg7 4. Bg2 O-O 5. Nf3 d6 6. O-O e5 7. d4 Nbd7 8. e4
a6 9. h3 b5 10. dxe5 dxe5 11. Qc2 c6 12. Be3 Qe7 13. a3 Bb7 14. Rfd1 Rfc8 15.
Rac1 Ne8 16. c5 Nf8 17. Rd2 a5 18. Rcd1 Nc7 19. Rd6 Nce6 20. Kh2 f6 21. h4 Nd8
22. Bh3 Rcb8 23. Qb3+ Qf7 24. Qc2 Qe8 25. Qb3+ Kh8 26. h5 Nf7 27. h6 Nxh6 28.
Bxh6 Bxh6 29. Rxf6 b4 30. Na4 Ba6 31. Nb6 Ra7 32. axb4 axb4 33. Nc4 Bxc4 34.
Qxc4 b3 35. Rd3 Ra2 36. Rxb3 Rxb2 37. Rxb8 Qxb8 38. Kg1 Rb4 39. Qd3 Rb3 40. Qc4
Rb4 41. Qf7 Rb7 42. Qc4 Rb4 43. Qa6 Rxe4 44. Rxc6 Qb3 45. Kg2 Ra4 46. Qc8 e4
47. Ne5 e3 48. Rf6 Qd5+ 49. Kh2 Ra8 50. Qc7 e2 51. Bg2 Qxg2+ 52. Kxg2 e1=Q 53.
Nf7+ Kg7 54. Ng5+ Kxf6 55. Qf7+ Ke5 56. Nf3+ 1-0

[Event "Staatsliga-B-Mitte 2002/2003"]
[Site "ST. Veit"]
[Date "2003.01.19"]
[Round "7.1"]
[White "HORVATH, Jozsef"]
[Black "UHLMANN, Wolfgang"]
[Result "1/2-1/2"]
[WhiteElo "2514"]
[BlackElo "2440"]
[PlyCount "35"]
[EventDate "2003.01.19"]

1. d4 Nf6 2. c4 g6 3. Nc3 Bg7 4. e4 O-O 5. Nf3 d6 6. Be2 e5 7. Be3 Ng4 8. Bg5
f6 9. Bh4 Nc6 10. d5 Ne7 11. Nd2 Nh6 12. f3 c5 13. Rb1 a5 14. a3 g5 15. Bf2 f5
16. b4 axb4 17. axb4 b6 18. O-O 1/2-1/2

[Event "Staatsliga-B-Mitte 2002/2003"]
[Site "ST. Veit"]
[Date "2003.01.19"]
[Round "7.2"]
[White "IONESCU, Doru Alexandru"]
[Black "PILAJ, Herwig"]
[Result "0-1"]
[WhiteElo "2433"]
[BlackElo "2360"]
[PlyCount "88"]
[EventDate "2003.01.19"]

1. e4 c5 2. Nf3 Nc6 3. d3 g6 4. g3 Bg7 5. Bg2 Nf6 6. O-O O-O 7. Nbd2 d6 8. a4
Bg4 9. h3 Bxf3 10. Bxf3 Rc8 11. Re1 a6 12. Bg2 Nd7 13. Nf1 b5 14. Ne3 Nb6 15.
axb5 axb5 16. Ng4 Ne5 17. Nh6+ Kh8 18. h4 Ra8 19. Rxa8 Qxa8 20. h5 b4 21. Bg5
Qa7 22. b3 Nbd7 23. Bh3 Nb8 24. Kg2 Nbc6 25. hxg6 fxg6 26. f4 Nd7 27. f5 Nde5
28. fxg6 Nf3 29. Nf7+ Rxf7 30. gxf7 Nxg5 31. Rf1 Qa8 32. Bd7 Ne5 33. Be8 Ng6
34. Qg4 Bf6 35. Qh5 Ne6 36. Bb5 Nef8 37. Bc4 Bg7 38. Qg5 Qa2 39. Qd2 Qb2 40.
Qe2 Qc3 41. Rh1 Qf6 42. Rf1 Qg5 43. Kh3 Be5 44. Rf3 Bxg3 0-1

[Event "Staatsliga-B-Mitte 2002/2003"]
[Site "ST. Veit"]
[Date "2003.01.19"]
[Round "7.5"]
[White "NICKL, Klaus"]
[Black "ROLLETSCHEK, Heinrich"]
[Result "1/2-1/2"]
[WhiteElo "2203"]
[BlackElo "2261"]
[PlyCount "94"]
[EventDate "2003.01.19"]

1. d4 f5 2. Nf3 Nf6 3. g3 g6 4. Bg2 Bg7 5. O-O d6 6. c4 c6 7. Nc3 O-O 8. d5 e5
9. dxe6 Bxe6 10. Qd3 Na6 11. Ng5 Qe7 12. Bf4 Rad8 13. Qe3 Rfe8 14. Qxe6+ Qxe6
15. Nxe6 Rxe6 16. Rad1 Nc5 17. b4 Nce4 18. Nxe4 Nxe4 19. Be3 a6 20. Bf3 b5 21.
Rc1 bxc4 22. Rxc4 d5 23. Rc2 d4 24. Bxe4 fxe4 25. Rd1 Rd5 26. Bc1 d3 27. exd3
exd3 28. Rc5 Rxc5 29. bxc5 Re2 30. Be3 Rxa2 31. Rxd3 Bf8 32. Rd8 Kf7 33. Rc8 a5
34. Rxc6 Rc2 35. Ra6 a4 36. Rxa4 Bxc5 37. Bxc5 Rxc5 38. Ra7+ Kg8 39. h4 h5 40.
Kg2 Rc3 41. Re7 Kf8 42. Re3 Rc5 43. f4 Kf7 44. g4 hxg4 45. Kg3 Kg7 46. Kxg4 Kh6
47. Re6 Rb5 1/2-1/2

[Event "Staatsliga-B-Mitte 2002/2003"]
[Site "ST. Veit"]
[Date "2003.01.19"]
[Round "7.6"]
[White "WINIWARTER, Felix"]
[Black "WALDMANN, Gerald"]
[Result "1-0"]
[WhiteElo "2191"]
[BlackElo "2160"]
[PlyCount "61"]
[EventDate "2003.01.19"]

1. e4 Nf6 2. e5 Nd5 3. d4 d6 4. c4 Nb6 5. f4 dxe5 6. fxe5 Nc6 7. Be3 Bf5 8. Nc3
e6 9. Nf3 Bg4 10. Be2 Bxf3 11. gxf3 Qh4+ 12. Bf2 Qf4 13. Qc1 Qxc1+ 14. Rxc1
O-O-O 15. Rd1 Be7 16. O-O f5 17. f4 g5 18. d5 exd5 19. cxd5 Nb4 20. Bxb6 axb6
21. fxg5 Bxg5 22. Rxf5 Rhg8 23. Kh1 Be3 24. e6 Rg7 25. h3 Nc2 26. Bg4 Re7 27.
d6 cxd6 28. Nd5 Rg7 29. e7 Re8 30. Rf8+ Rxg4 31. Rxe8+ 1-0

[Event "Staatsliga-B-Mitte 2002/2003"]
[Site "ST. Veit"]
[Date "2003.01.19"]
[Round "7.2"]
[White "HEIMBERGER, Reinhard"]
[Black "BUHMANN, Rainer"]
[Result "0-1"]
[WhiteElo "2312"]
[BlackElo "2527"]
[PlyCount "98"]
[EventDate "2003.01.19"]

1. c4 e6 2. Nc3 b6 3. e4 Bb7 4. g3 Bb4 5. Nge2 f5 6. Bg2 Nf6 7. Qc2 O-O 8. O-O
Bxc3 9. Nxc3 Nc6 10. d3 Qe8 11. Be3 Qh5 12. f3 a6 13. Ne2 Rae8 14. Rae1 Kh8 15.
Nf4 Qf7 16. Qc3 b5 17. cxb5 axb5 18. e5 b4 19. Qc5 Ng8 20. a3 bxa3 21. bxa3 Ra8
22. Rb1 Ra5 23. Rb5 d6 24. exd6 cxd6 25. Qb6 Rxb5 26. Qxb5 Nf6 27. Rb1 Ba8 28.
Qb3 Re8 29. Bf2 Qd7 30. d4 e5 31. dxe5 dxe5 32. Nd3 h6 33. Nc5 Qe7 34. Re1 Qd6
35. Bh3 Rb8 36. Qd3 Qxd3 37. Nxd3 e4 38. fxe4 fxe4 39. Nc5 Ne5 40. Rd1 Nf3+ 41.
Kf1 Nxh2+ 42. Ke2 e3 43. Kxe3 Nfg4+ 44. Bxg4 Nxg4+ 45. Ke2 Rb2+ 46. Ke1 Bf3 47.
Rd8+ Kh7 48. Bd4 Re2+ 49. Kf1 Rd2 0-1

[Event "Staatsliga-B-Mitte 2002/2003"]
[Site "ST. Veit"]
[Date "2003.01.19"]
[Round "7.3"]
[White "SCHLINDWEIN, Rolf"]
[Black "SANDHOEFNER, Florian"]
[Result "1/2-1/2"]
[WhiteElo "2426"]
[BlackElo "2259"]
[PlyCount "139"]
[EventDate "2003.01.19"]

1. d4 d5 2. Bf4 Nf6 3. e3 Bf5 4. c4 c6 5. Nc3 e6 6. Qb3 Qc8 7. cxd5 exd5 8. Rc1
a6 9. h3 Nbd7 10. Nf3 h6 11. Be2 Be7 12. a4 O-O 13. O-O Ra7 14. a5 Qd8 15. Qa4
Re8 16. Rfd1 Nf8 17. Bd3 Bxd3 18. Rxd3 Bd6 19. Ne5 Bc7 20. Ra1 N8d7 21. Nxd7
Qxd7 22. Bxc7 Qxc7 23. Qb4 Qe7 24. Ra4 Raa8 25. Qxe7 Rxe7 26. Rb4 Rc8 27. f3
Rcc7 28. Kf2 Kf8 29. g4 g5 30. Rd1 Kg7 31. Ne2 Ne8 32. Ng3 Nd6 33. Re1 Kh7 34.
b3 c5 35. dxc5 Rxc5 36. Rb6 Nc8 37. Nf5 Nxb6 38. Nxe7 Nc8 39. Nf5 Na7 40. e4
dxe4 41. Rxe4 Nc6 42. b4 Rc2+ 43. Ke3 Rb2 44. Nd6 Nxb4 45. Re8 Nc6 46. Rf8 Ne5
47. Ke4 Kg7 48. Rb8 Re2+ 49. Kd5 Nc6 50. Rxb7 Nxa5 51. Rxf7+ Kg6 52. Ra7 Rd2+
53. Ke6 Nb3 54. Nf5 Nd4+ 55. Nxd4 Rxd4 56. Rxa6 Rf4 57. Ke5+ Kg7 58. Ra3 Kh7
59. h4 Kg7 60. h5 Rf7 61. Rb3 Kh7 62. Ke6 Kg7 63. Re3 Rf6+ 64. Kd7 Rf4 65. Re7+
Kg8 66. Re6 Kg7 67. Rg6+ Kh7 68. Ke6 Rxf3 69. Rf6 Rf4 70. Rf7+ 1/2-1/2

[Event "Staatsliga-B-Mitte 2002/2003"]
[Site "ST. Veit"]
[Date "2003.01.19"]
[Round "7.4"]
[White "TOBER, Gerhard"]
[Black "RESCHUN, Sascha"]
[Result "1/2-1/2"]
[WhiteElo "2233"]
[BlackElo "2280"]
[PlyCount "27"]
[EventDate "2003.01.19"]

1. e4 e6 2. d4 d5 3. exd5 exd5 4. Bd3 Qf6 5. c3 Bd6 6. Qf3 Be6 7. Qxf6 Nxf6 8.
Ne2 Nh5 9. O-O O-O 10. Nd2 h6 11. Re1 Nc6 12. Nf1 Rae8 13. Nfg3 Nxg3 14. Nxg3
1/2-1/2

[Event "Staatsliga-B-Mitte 2002/2003"]
[Site "ST. Veit"]
[Date "2003.01.19"]
[Round "7.5"]
[White "RAGGER, Markus"]
[Black "STADLER, Peter"]
[Result "1-0"]
[WhiteElo "2211"]
[BlackElo "2187"]
[PlyCount "33"]
[EventDate "2003.01.19"]

1. e4 g6 2. d4 Bg7 3. Nf3 d6 4. Bc4 Nf6 5. Nc3 O-O 6. Qe2 c6 7. e5 Ne8 8. Bf4
d5 9. Bd3 Nc7 10. Qd2 Bg4 11. Nh4 Ne6 12. Bh6 Nxd4 13. Bxg7 Kxg7 14. Qf4 Qb6
15. Qxg4 Qxb2 16. Kd2 Qb4 17. Nf5+ 1-0

[Event "Staatsliga-B-Mitte 2002/2003"]
[Site "ST. Veit"]
[Date "2003.01.19"]
[Round "7.6"]
[White "PETROCZI, Thomas"]
[Black "KASPRET, Guido"]
[Result "0-1"]
[WhiteElo "2131"]
[BlackElo "2278"]
[PlyCount "64"]
[EventDate "2003.01.19"]

1. d4 Nf6 2. Nf3 b5 3. Bg5 Ne4 4. Bf4 d5 5. c3 e6 6. Nbd2 g5 7. Nxe4 gxf4 8.
Ned2 Nd7 9. g3 Bd6 10. gxf4 Bxf4 11. e3 Bd6 12. Bxb5 Rb8 13. Bxd7+ Bxd7 14. b4
a5 15. a3 Bb5 16. Qc2 Qf6 17. Rg1 Ke7 18. a4 Bd7 19. b5 c6 20. bxc6 Bxc6 21.
Ke2 Bb7 22. Rab1 Ba6+ 23. Ke1 h6 24. Rxb8 Rxb8 25. e4 Ba3 26. Qa2 Bb2 27. Ne5
Rb6 28. Rg3 Bc1 29. Rf3 Qg5 30. Rxf7+ Ke8 31. Ndf3 Qg2 32. Kd1 Qf1+ 0-1

[Event "Staatsliga-B-Mitte 2002/2003"]
[Site "ST. Veit"]
[Date "2003.01.19"]
[Round "7.6"]
[White "ARWANITAKIS, Michael"]
[Black "SCHNIDER, Gert"]
[Result "1/2-1/2"]
[WhiteElo "2190"]
[BlackElo "2195"]
[PlyCount "80"]
[EventDate "2003.01.19"]

1. g3 g6 2. Bg2 Bg7 3. e4 d6 4. d4 Nd7 5. Ne2 e5 6. Be3 Ngf6 7. h3 O-O 8. O-O
Nb6 9. Nbc3 c6 10. g4 Re8 11. b3 d5 12. dxe5 Nxe4 13. Nxe4 dxe4 14. Qxd8 Rxd8
15. Rad1 Re8 16. Nc3 Bxe5 17. Nxe4 Nd5 18. Bd4 Bxd4 19. Rxd4 Kg7 20. Nd6 Re2
21. Bxd5 cxd5 22. Rc1 h5 23. Kf1 Re5 24. Re1 Rxe1+ 25. Kxe1 hxg4 26. hxg4 b6
27. Ne8+ Kh6 28. Nc7 Rb8 29. Nxd5 Kg5 30. Ne3 Rb7 31. f4+ Kh4 32. g5 Kg3 33.
Ke2 Re7 34. Kd3 Kf3 35. Nc4 Bf5+ 36. Kc3 Re2 37. Ne5+ Ke3 38. Nc4+ Kf3 39. Ne5+
Ke3 40. Nc4+ Kf3 1/2-1/2

[Event "Staatsliga-B-Mitte 2002/2003"]
[Site "ST. Veit"]
[Date "2003.01.19"]
[Round "7.1"]
[White "WITTMANN, Walter"]
[Black "ZUPE, Miran"]
[Result "1/2-1/2"]
[WhiteElo "2345"]
[BlackElo "2378"]
[PlyCount "23"]
[EventDate "2003.01.19"]

1. e4 c6 2. d4 d5 3. Nd2 dxe4 4. Nxe4 Bf5 5. Ng3 Bg6 6. h4 h6 7. h5 Bh7 8. Nf3
Nd7 9. Bd3 Bxd3 10. Qxd3 e6 11. Bf4 Qa5+ 12. Bd2 1/2-1/2

[Event "Staatsliga-B-Mitte 2002/2003"]
[Site "ST. Veit"]
[Date "2003.01.19"]
[Round "7.2"]
[White "HERRMANN, Johann"]
[Black "WATZKA, Horst"]
[Result "0-1"]
[WhiteElo "2182"]
[BlackElo "2348"]
[PlyCount "118"]
[EventDate "2003.01.19"]

1. c4 c5 2. Nc3 Nc6 3. g3 g6 4. Bg2 Bg7 5. Nf3 e5 6. e4 d6 7. d3 Nge7 8. Be3
Nd4 9. h3 a6 10. Qd2 O-O 11. Rc1 b5 12. Bh6 Rb8 13. b3 f5 14. Bg5 Ne6 15. Bxe7
Qxe7 16. Nd5 Qd8 17. O-O Bd7 18. Kh2 f4 19. g4 Bf6 20. Rh1 Kg7 21. Kg1 Bh4 22.
Nxh4 Qxh4 23. f3 Bc6 24. Qf2 Qd8 25. h4 h6 26. Bh3 Nd4 27. Rh2 Bxd5 28. cxd5 b4
29. Bf1 Qa5 30. g5 hxg5 31. hxg5 Rh8 32. Rxh8 Rxh8 33. Qg2 Rh4 34. Rb1 Qd8 35.
Kf2 Rh5 36. Be2 Qxg5 37. Qxg5 Rxg5 38. Rf1 Rh5 39. Ke1 Rh2 40. Rf2 Rxf2 41.
Kxf2 Kh6 42. Bd1 Kg5 43. Kg2 Kh4 44. Kh2 Nb5 45. Kg2 Nc3 46. Bc2 a5 47. Kh2
Nxa2 48. Kg2 Nc3 49. Kh2 Nb5 50. Kg2 g5 51. Bd1 Nc3 52. Bc2 g4 53. fxg4 Kxg4
54. Kf2 f3 55. Kf1 Kg3 56. Kg1 f2+ 57. Kf1 Kf3 58. d4 cxd4 59. Bd1+ Ke3 0-1

[Event "Staatsliga-B-Mitte 2002/2003"]
[Site "ST. Veit"]
[Date "2003.01.19"]
[Round "7.3"]
[White "SINGER, Richard"]
[Black "DEUTSCHMANN, Robert Peter"]
[Result "1/2-1/2"]
[WhiteElo "2281"]
[BlackElo "2014"]
[PlyCount "49"]
[EventDate "2003.01.19"]

1. d4 d5 2. Nf3 c6 3. Bf4 Bf5 4. Nbd2 Nf6 5. e3 e6 6. Be2 Qb6 7. Nh4 Nbd7 8.
Nxf5 exf5 9. O-O Be7 10. c4 O-O 11. Qc2 Ne4 12. Rfd1 Rfe8 13. Nf1 g6 14. Rac1
Nef6 15. Bf3 dxc4 16. Nd2 Qd8 17. Nxc4 Nb6 18. Na5 Qd7 19. Qb3 Ne4 20. Be5 Rac8
21. h3 Bf8 22. Be2 Bh6 23. a4 Re7 24. Nc4 Nd5 25. Bf3 1/2-1/2